Statistics for Modern-Day Countries of the Abbasid Caliphate with a Map

Click here to take the quiz!

General Stats

  • This quiz has been taken 4,162 times
    (4,023 since last reset)
  • The average score is 33 of 34

Answers on the Map

Answers color-coded by a green-red scale on the quiz's map according to % correct below.
 

Answer Stats

Countries% Correct
Cyprus
99%
Egypt
99%
Iran
99%
Iraq
99%
Israel
99%
Italy
99%
Jordan
99%
Libya
99%
Oman
99%
Pakistan
99%
Qatar
99%
Saudi Arabia
99%
Syria
99%
Turkey
99%
United Arab Emirates
99%
Yemen
99%
Afghanistan
98%
Algeria
98%
Armenia
98%
Azerbaijan
98%
Georgia
98%
Greece
98%
India
98%
Kuwait
98%
Lebanon
98%
Tunisia
98%
Turkmenistan
98%
Kazakhstan
97%
Russia
97%
Uzbekistan
97%
Bahrain
96%
Tajikistan
96%
Kyrgyzstan
95%
Croatia
75%

Score Distribution

Percentile by Number Answered

Percent of People with Each Score

Your Score History

You have not taken this quiz since the last reset